000 00674cam a22002053a 4500
001 39022
003 PGUSA
005 20140828083849.0
008 120301s2012||||xxu|||||s|||||000 | eng d
040 _aPGUSA
_beng
042 _adc
100 1 _aLobingier, Elizabeth Erwin Miller,
_d1889-
245 1 4 _aThe Dramatization of Bible Stories :
_bAn experiment in the religious education of children
_h[electronic resource] /
_cElizabeth Erwin Miller Lobingier
260 _bProject Gutenberg,
_c2012
506 _aPublic domain in the USA.
516 _aElectronic text
830 0 _aProject Gutenberg
_v39022
856 4 0 _uhttp://www.gutenberg.org/ebooks/39022
942 _cEB
999 _c268275
_d268275